000
00358nam a2200157Ia 4500
003
0STCL
008
150530s9999 xx 000 0 und d
040
_a
STCL
_c
STCL
100
_a
James Theberge, D.
245
_a
Economics of trade and development
260
_c
1968
546
_a
English
942
_2
ddc
_c
BK
999
_c
11950
_d
11950
005
20220125165616.0